Compendio de técnica radiológica, radiodiagnóstico y radioterapia / (Record no. 148426)

MARC details
000 -LEADER
campo de control de longitud fija 00685nam a2200193 4500
001 - NÚMERO DE CONTROL
campo de control 148426
003 - IDENTIFICADOR DE NÚMERO DE CONTROL
campo de control ES-MaACL
007 - CAMPO FIJO DE DESCRIPCIÓN FÍSICA--INFORMACIÓN GENERAL
campo de control de longitud fija t|
008 - DATOS DE LONGITUD FIJA--INFORMACIÓN GENERAL
campo de control de longitud fija 070214s1931 sp r ||||1| spa d
100 1# - ENTRADA PRINCIPAL--NOMBRE DE PERSONA
Nombre de persona Strauss, Otto.
9 (RLIN) 108403
245 10 - MENCIÓN DEL TÍTULO
Título Compendio de técnica radiológica, radiodiagnóstico y radioterapia /
Mención de responsabilidad, etc. por los doctores Otto Strauss y Otto Müller ; traducido del alemán por los doctores J. Cabrera y J. Gay.
250 ## - MENCION DE EDICION
Mención de edición 1ª ed.
260 ## - PUBLICACIÓN, DISTRIBUCIÓN, ETC.
Lugar de publicación, distribución, etc. Madrid :
Nombre del editor, distribuidor, etc. Espasa-Calpe,
Fecha de publicación, distribución, etc. 1931.
300 ## - DESCRIPCIÓN FÍSICA
Extensión VIII, 451 p. :
Otras características físicas il. ;
Dimensiones 25 cm.
700 1# - ENTRADA AGREGADA--NOMBRE PERSONAL
Nombre de persona Müller, Otto.
9 (RLIN) 84138
700 1# - ENTRADA AGREGADA--NOMBRE PERSONAL
Nombre de persona Cabrera y Felipe, Juan.
9 (RLIN) 33321
700 1# - ENTRADA AGREGADA--NOMBRE PERSONAL
Nombre de persona Gay, Joaquín.
9 (RLIN) 56104
852 ## - LOCALIZACIÓN
Ubicación ES-MaACL
Número de control de estantería E-800
Sublocalización o colección R.20772
Holdings
Estatus retirado Estado de pérdida Estado de daño No para préstamo Biblioteca de origen Biblioteca actual Ubicación en estantería Fecha de adquisición Fuente de adquisición Total de préstamos Signatura topográfica completa Código de barras Visto por última vez Precio de reemplazo Tipo de ítem Koha
        Biblioteca del Ateneo de Madrid Biblioteca del Ateneo de Madrid Depósito 2 17/01/2008     E-800 1154897 23/02/2023 23/02/2023 Libro impreso